STN EN ISO 10545-6: 2001 (72 5110) [neplatná], Keramické obkladové prvky Časť 6 Stanovenie odolnosti proti hĺbkovému opotrebovaniu pri neglazovaných obkladových prvkoch (ISO 10545-6: 1995)
Táto národná norma je identická s EN ISO 10545-6: 1997
| Main Author: | |
|---|---|
| Corporate Author: | |
| Other Authors: | , |
| Format: | Book |
| Language: | Slovak English |
| PhysicalDescription: | 12 s. obr., tab. 30 cm |
| Published: |
Bratislava
Slovenský ústav technickej normalizácie
2001
|
| Subjects: |
MARC
| LEADER | 00000cam a2200000 a 4500 | ||
|---|---|---|---|
| 001 | vtls010668878 | ||
| 003 | SK-MaSNL | ||
| 005 | 20260301215927.0 | ||
| 008 | 160430s2001 xo a f u 000 0 slo | ||
| 015 | |a SNBN2015 | ||
| 020 | |c (cen. skup. 10) | ||
| 040 | |a SNK |b slo |c SNK |e AACR2 | ||
| 041 | 1 | |a slo |h eng | |
| 044 | |a xo |c SK | ||
| 046 | |a m |m 200102 (účin.) |n [201206] (zruš.) | ||
| 072 | 7 | |a 666 |x Sklárstvo. Keramika. Cement |2 konspekt | |
| 072 | 7 | |a 692 |x Konštrukčné prvky a časti stavieb |2 konspekt | |
| 080 | |a 692.232.42-033.6 |2 2001 | ||
| 080 | |a 666.715 |2 2001 | ||
| 080 | |a 006.86 |2 2001 | ||
| 080 | |a (437.6) |2 2001 | ||
| 080 | |a (4) |2 2001 | ||
| 080 | |a (083) |2 2001 | ||
| 084 | |a 91.100.20 |2 ICS | ||
| 084 | |a 91.100.25 |2 ICS | ||
| 130 | 0 | |a STN 72 5110 (STN EN ISO 10545-6) [neplatná] |9 606407 | |
| 245 | 1 | 0 | |a STN EN ISO 10545-6: 2001 (72 5110) [neplatná], Keramické obkladové prvky |n Časť 6 |p Stanovenie odolnosti proti hĺbkovému opotrebovaniu pri neglazovaných obkladových prvkoch (ISO 10545-6: 1995) |
| 246 | 1 | 0 | |a Keramické obkladové prvky |
| 246 | 1 | 0 | |a Stanovenie odolnosti proti hĺbkovému opotrebovaniu pri neglazovaných obkladových prvkoch |
| 246 | 3 | 0 | |a ISO 10545-6: 1995 |
| 246 | 3 | 0 | |a EN ISO 10545-6: 1997 |
| 260 | |a Bratislava |b Slovenský ústav technickej normalizácie |c 2001 | ||
| 300 | |a 12 s. |b obr., tab. |c 30 cm | ||
| 500 | |a [Norma je nahradená normou STN EN ISO 10545-6 z júna 2012] | ||
| 500 | |a Spracovateľ: KERKO, Košice Rudolf Dadulák, Mária Gidušková ; SÚTN, Henrieta Tölgyessyová | ||
| 500 | |a Súbežný názov v angličtine, francúzštine, nemčine | ||
| 500 | |a Táto norma nahrádza STN EN 102 (72 5113) zo septembra 1995 | ||
| 504 | |a Citované normy, súvisiace právne predpisy s. [1]-2 | ||
| 520 | 8 | |a Táto národná norma je identická s EN ISO 10545-6: 1997 | |
| 540 | |a STN vydané na akomkoľvek nosiči sa môžu rozmnožovať a rozširovať iba so súhlasom určenej právnickej osoby |b SÚTN Bratislava |c zákon 264/1999 Z. z. | ||
| 650 | 0 | 7 | |a technické normy a štandardy |z Slovensko |2 SNKPH |9 79594 |
| 650 | 0 | 7 | |a keramické obkladačky |2 SNKPH |9 70207 |
| 650 | 0 | 7 | |a technické normy a štandardy |z krajiny Európskej únie |2 SNKPH |9 289341 |
| 650 | 0 | 7 | |a Ceramic facing tiles |2 SNKPHeng |9 337904 |
| 655 | 7 | |a normy |2 SNKPH |9 70643 | |
| 700 | 1 | |a Gidušková, Mária |4 trl |9 337905 | |
| 700 | 1 | |a Tölgyessyová, Henrieta |c (stavebná inžinierka) |4 aut |9 28164 | |
| 700 | 1 | |a Dadulák, Rudolf |4 trl |9 337906 | |
| 710 | 2 | |a Slovenský ústav technickej normalizácie |4 stn |9 32706 | |
| 710 | 2 | |a KERKO (Košice, Slovensko) |4 trl |9 337907 | |
| 852 | |a Štátna vedecká knižnica v Banskej Bystrici | ||
| 958 | |a NB | ||
| 958 | |a OP | ||
| 999 | |c 929949 |d 931879 | ||
| 952 | |a SNK |b SNK |y PREZ |7 0 |p 17A1155942 |o snkSTN EN ISO 10545-6 |i snk2015/13424 |8 0 |0 0 |1 0 |4 0 |d 2015-04-22 |l 0 |r 2026-02-24 08:45:22 |w 2026-02-24 | ||
| 952 | |a SNK |b SNK |y PREZ |7 0 |p 17A1155941 |o snkSTN EN ISO 10545-6 D1 |i snk2015/13425 |8 0 |0 0 |1 0 |4 0 |d 2015-04-22 |l 0 |r 2026-02-24 08:45:22 |w 2026-02-24 | ||


